I marched with Patton : a firsthand account of ... Read More
Available copies
- 3 of 3 copies available at LARL/NWRL Consortium. (Show)
- 2 of 2 copies available at Lake Agassiz Regional Library.
Current holds
0 current holds with 3 total copies.
Show Only Available Copies
| Location | Call Number / Copy Notes | Barcode | Shelving Location | Status | Due Date |
|---|---|---|---|---|---|
| Mahnomen Public Library | 921 SIS (Text) | 33500013321179 | Main | Available | - |
| Moorhead Public Library | 921 SIS (Text) | 33500013321187 | Main | Available | - |
Record details
- ISBN: 9780063019478
- ISBN: 0063019477
- Physical Description: 290 pages, 16 unnumbered pages of plates : ... Read More
- Edition: First edition.
- Publisher: New York : William Morrow, [2020]
Content descriptions
| Formatted Contents Note: | Meet the man -- Ever hear of Weleetka? -- Hard ... Read More |
| Summary, etc.: | "In December 1944, Frank Sisson deployed to Europe ... Read More Published to commemorate the seventy-fifth ... Read More |
Search for related items by subject
| Genre: | Autobiographies. Anecdotes. Personal narratives. |
| LDR | 03221cam a2200409Ii 4500 | ||
|---|---|---|---|
| 001 | 347563 | ||
| 003 | LARL_NWRL_CONSORTIUM | ||
| 005 | 20210105214609.0 | ||
| 008 | 200817s2020 nyuabf e 001 0 eng d | ||
| 019 | . | ‡a1194416334 | |
| 020 | . | ‡a9780063019478 ‡q(hardcover) | |
| 020 | . | ‡a0063019477 ‡q(hardcover) | |
| 035 | . | ‡a(OCoLC)1192355806 ‡z(OCoLC)1194416334 | |
| 040 | . | ‡aTOH ‡beng ‡erda ‡cTOH ‡dLIV ‡dOCLCO ‡dIK2 ‡dTCH ‡dUAP ‡dILC ‡dJAS ‡dOCLCF ‡dGZD | |
| 082 | 0 | 4. | ‡a940.54/1273092 ‡223 |
| 100 | 1 | . | ‡aSisson, Frank, ‡d1925- ‡eauthor. |
| 245 | 1 | 0. | ‡aI marched with Patton : ‡ba firsthand account of World War II alongside one of the U.S. Army's greatest generals / ‡cFrank Sisson with Robert L. Wise. |
| 250 | . | ‡aFirst edition. | |
| 260 | . | ‡aNew York : ‡bWilliam Morrow, ‡c[2020] | |
| 300 | . | ‡a290 pages, 16 unnumbered pages of plates : ‡billustrations, maps ; ‡c24 cm | |
| 336 | . | ‡atext ‡btxt ‡2rdacontent | |
| 337 | . | ‡aunmediated ‡bn ‡2rdamedia | |
| 338 | . | ‡avolume ‡bnc ‡2rdacarrier | |
| 505 | 0 | . | ‡aMeet the man -- Ever hear of Weleetka? -- Hard decisions -- The big turnaround -- Coming back-- in time to leave -- Jumping off -- Uncovering the facts -- Crossing -- The war -- Meet General Patton -- Winter sets in -- The killing machine -- Paris survives -- Disaster looms -- The battle begins -- The sky turns black -- Tensions explode -- Rolling on-- regardless! -- Staying warm-- and alive -- Outmaneuvering the enemy -- Rapid rampage -- Crossing the Rhine -- LEtters from home -- The Soviets -- On the road -- Rabbits -- Gruesome discoveries -- Marching on -- Closing in -- Obstinate -- Munich 1945 -- Catching our breath -- R&R -- Roughing it -- The Russians -- Change -- Paris -- Celebration -- A new wind blowing -- Police inspector on duty -- On the beat -- Running the streets -- Berlin at night -- A little marriage counseling on the side -- Left to die -- The curtain falls -- All good things come to... -- Going home -- Waking up -- Epilogue: A new side to the war. |
| 520 | . | ‡a"In December 1944, Frank Sisson deployed to Europe as part of General George S. Patton's famed Third Army. Over the next six months, as the war in Europe raged, Sisson would participate in many of World War II's most consequential events, from the Battle of the Bulge to the liberation of Dachau. Now ninety-five years old, Frank shares for the first time his remarkable story of life under General Patton." -- Inside front jacket flap. | |
| 520 | . | ‡aPublished to commemorate the seventy-fifth anniversary of Patton's death, a Third Army soldier's firsthand account of his service beside the history-shaping general relates his participation in key events, including the Battle of the Bulge and the liberation of Dachau. | |
| 600 | 1 | 0. | ‡aSisson, Frank, ‡d1925- |
| 650 | 0. | ‡aWorld War, 1939-1945 ‡vPersonal narratives, American. ‡0(LARL_NWRL_CONSORTIUM)167879 | |
| 610 | 1 | 0. | ‡aUnited States. ‡bArmy. ‡bArmy, 3rd ‡xHistory ‡yWorld War, 1939-1945. |
| 650 | 0. | ‡aWorld War, 1939-1945 ‡xCampaigns ‡zWestern Front. ‡0(LARL_NWRL_CONSORTIUM)34939 | |
| 600 | 1 | 0. | ‡aPatton, George S. ‡q(George Smith), ‡d1885-1945. ‡0(LARL_NWRL_CONSORTIUM)1882 |
| 650 | 0. | ‡aSoldiers ‡zUnited States ‡vBiography. ‡0(LARL_NWRL_CONSORTIUM)167189 | |
| 655 | 7. | ‡aAutobiographies. ‡2lcgft | |
| 655 | 7. | ‡aAnecdotes. ‡2lcgft | |
| 655 | 7. | ‡aPersonal narratives. ‡2lcgft | |
| 700 | 1 | . | ‡aWise, Robert L., ‡eauthor. ‡0(LARL_NWRL_CONSORTIUM)65753 |
| 901 | . | ‡a347563 ‡bOCoLC ‡c347563 ‡tbiblio ‡soclc | |

Add to basket
Permalink
Disable Highlighting